| 000 | 00549 a2200181 4500 | ||
|---|---|---|---|
| 003 | Nust | ||
| 005 | 20170207153208.0 | ||
| 040 | _cNust | ||
| 082 | _a005.1 | ||
| 100 | _aJabeen, Mehwish (MSCS-11) | ||
| 245 |
_aMPLS adhoc networks _cMehwish Jabeen |
||
| 260 |
_bMCS,NUST _c2006 _aRawalpindi |
||
| 300 | _avii, 64, p.; | ||
| 505 | _aIntroduction (page-1) Literature review (page-7) Methodology for Mpls adhoc (page-23) Testing of Lspqs (page-46) Conclusion (page-58) | ||
| 538 | _aAlmirah No 73 Shelf No 2 | ||
| 650 | _aPG Thesis | ||
| 651 | _aMSCS-11 | ||
| 942 | _cTHS | ||
| 999 |
_c181274 _d181274 |
||